V rámci Podporného úverového programu získali malí a strední podnikatelia úvery v objeme vyše 2 mld. Sk
Vývoj sektora malého a stredného podnikania (MSP) na Slovensku. Podiel MSP na zamestnanosti a na tvorbe HDP. K rozvoju MSP prispieva aj Národná agentúra pre rozvoj malého a stredného podnikania (NARMSP). Poradenská, informačná, vzdelávacia činnosť NARMSP. Vyhľadávanie kooperačných možností pomocou S...
Salvato in:
| Autore principale: | |
|---|---|
| Natura: | Capitolo di libro |
| Lingua: | slovacco |
| Soggetti: | |
| Tags: |
Nessun Tag, puoi essere il primo ad aggiungerne!!
|
MARC
| LEADER | 00000naa a2200000 4500 | ||
|---|---|---|---|
| 001 | r034365 | ||
| 005 | 20230921103257.7 | ||
| 041 | 0 | |a slo | |
| 044 | |a SK | ||
| 245 | 1 | 0 | |a V rámci Podporného úverového programu získali malí a strední podnikatelia úvery v objeme vyše 2 mld. Sk |c Lena Oujezdská |
| 520 | |a Vývoj sektora malého a stredného podnikania (MSP) na Slovensku. Podiel MSP na zamestnanosti a na tvorbe HDP. K rozvoju MSP prispieva aj Národná agentúra pre rozvoj malého a stredného podnikania (NARMSP). Poradenská, informačná, vzdelávacia činnosť NARMSP. Vyhľadávanie kooperačných možností pomocou Subkontraktačnej burzy Slovenska. Databázy a internet. Podporné finančné programy. | ||
| 610 | 2 | 0 | |a podnikanie malé |
| 610 | 2 | 0 | |a podnikanie stredné |
| 610 | 2 | 0 | |a poradenstvo |
| 610 | 2 | 0 | |a vzdelávanie |
| 610 | 2 | 0 | |a kooperácia |
| 610 | 2 | 0 | |a úver |
| 610 | 2 | 0 | |a báza dát |
| 610 | 2 | 0 | |a internet |
| 610 | 2 | 0 | |a NARMSP Bratislava |
| 100 | 1 | |a Oujezdská, Lena | |